000 01068 a2200169 4500
003 NUST
005 20230201105117.0
040 _cNust
082 _a942.06,DRI
100 _aDrinkwater, John
_950259
245 _aCromwell :
_bA Character Study /
_cJohn Drinkwater
260 _aLondon
_bHodder & Stoughton
300 _a266:p.
505 _aIntroduction (Page-9), Birth and Childhood (Page-19), Environment of Youth (Page-29), Marriage and A Puritan Home (Page-450, Parliament (Page-580, Divine Right (Page-69),Preparation (Page-80), The Star Chamber (Page-94), The Short Parliament (Page-107), Assembling of the Long Parliament (Page-114), The First Civil War (Page-138), The Iron sides (Page-152), The Army and The Parliament (Page-164), The Execution of the King (Page-173), Cromwell in 1649 (Page-180), Ireland (Page-188), Dunbar and Worcester (Page-209), Lord Protector (Page-217), First Protectorate Parliament (Page-228), Second Protectorate Parliament (page-242), Last Days and Death (Page-256).
650 _aBiography
_9461
942 _2ddc
_cBK
_k942.06,DRI
999 _c187261
_d187261